000 01159nam a22002897a 4500
001 5403
003 FISKH
005 20241203111226.0
008 241203b cb ||||| |||| 00| 0 eng d
020 _a9780439992169
040 _aFISKH
_beng
_cFISKH
_dFISKH
082 _a509
100 _aGoldsmith, Mike
245 _aAlbert Einstein and His Inflatable Universe /
_cby Dr. Mike Goldsmith : illustrated by Philip Reeve
260 _aNew York :
_bScholastic ;
_c2001.
300 _a192 pages :
_billustrations ;
_c21 cm .
490 _a Dead Famous
505 _aV
520 _aAlbert Einstein is the genius who invented e=mc2. He is possibly the brainiest scientist in history - and the battiest But did you know that Al's life was almost as wild as his hair? Not only was an unruly young Al expelled from school, but he was spied on by the Nazis and the FBI. And after he died, he had his brain removed.
521 8 _a850
_bLexile
521 8 _aV
_bRaz-Plus
650 _aread as a child
_vNon-fiction
650 _aAlbert Einstein
_vNon-fiction
700 _aReeve, Philip
_eillustrator
942 _2ddc
_cBK
_n0
999 _c5403
_d5403